LEADER 00971nam2-22003251i-450- 001 990000346010403321 005 20001010 035 $a000034601 035 $aFED01000034601 035 $a(Aleph)000034601FED01 035 $a000034601 100 $a20001010d--------km-y0itay50------ba 101 0 $aita 105 $ay-------001yy 200 1 $aDarstellende Geometrie$fVon Gaspard Monge. Ubersetzt und herausgegeben von Robert Haussner. 210 $aLeipzig$cVerlag von Engelmann$d1900 215 $a217 p., 19 cm 225 1 $aOstwalds Klassiker der exakten Wissenschaften$vNr. 117 461 0$1001000034542$12001$aUeber Physikalische Kraftlinien 676 $a030 700 1$aMonge,$bGaspard$05304 702 1$aHaussner,$bRobert 801 0$aIT$bUNINA$gRICA$2UNIMARC 901 $aBK 912 $a990000346010403321 952 $a04 210-1/117$bCI$fDINCH 959 $aDINCH 996 $aDarstellende Geometrie$9124798 997 $aUNINA DB $aING01 LEADER 04221nam 2200589 450 001 9910530048103321 005 20210311111955.0 010 $a1-350-25103-8 010 $a1-78360-710-6 024 7 $a10.5040/9781350251038 035 $a(CKB)3710000000615562 035 $a(EBL)4549659 035 $a(MiAaPQ)EBC4549659 035 $a(OCoLC)944346372 035 $a(CaBNVSL)9781350251038 035 $a(EXLCZ)993710000000615562 100 $a20210311h20212016 uy 0 101 0 $aeng 135 $aur|n|---||||| 181 $2rdacontent 182 $2rdamedia 183 $2rdacarrier 200 04$aThe future of African peace operations $efrom the Janjaweed to Boko Haram /$fedited by Cedric de Coning, Linne?a Gelot and John Karlsrud 210 1$aLondon, England :$cZed Books,$d2016. 210 2$a[London, England] :$cBloomsbury Publishing,$d2021 215 $a1 online resource (xiv, 169 p.) 225 1 $aAfrica now 300 $aPublished in association with the Nordic Africa Institute, Uppsala, Sweden. 311 $a1-78360-709-2 320 $aIncludes bibliographical references and index. 327 $aTowards an African model of peace operations / Cedric de Coning, Linne?a Gelot and John Karlsrud -- Confronting hybrid threats in Africa : improving multidimensional responses / Kwesi Aning and Mustapha Abdallah -- Stabilization missions and mandates in African peace operations : implications for the ASF? / Solomon A. Dersso -- The relationship between the AU and the RECs/RMS in relation to peace and security in Africa : subsidiarity and inevitable common destiny / Michelle Ndiaye -- The strategic relationship between the African Union and its partners / Linda Darkwa -- Mission support for African peace operations / Walter Lotze -- United in challenges? The African Standby Force and the African capacity for immediate response to crises / Jide Martyns Okeke -- What roles for the civilian and police dimensions in African peace operations? / Yvonne Akpasom -- Adapting the African Standby Force to a just-in-time readiness model : improved alignment with the emerging African model of peace operations / Cedric de Coning -- African peace operations : trends and future scenarios, conclusions and recommendations / Cedric de Coning, Linne?a Gelot and John Karlsrud. 330 $a"Facing threats ranging from Islamist insurgencies to the Ebola pandemic, African regional actors are playing an increasingly vital role in safeguarding peace and stability across the continent. But while the African Union has demonstrated its ability to deploy forces on short notice and in difficult circumstances, the challenges posed by increasingly complex conflict zones have revealed a widening divide between the theory and practice of peacekeeping. With the AU's African Standby Force becoming fully operational in 2016, this timely and much-needed work argues that responding to these challenges will require a new and distinctively African model of peacekeeping, as well as a radical revision of the current African security framework. The first book to provide a comprehensive overview and analysis of African peace operations, The Future of African Peace Operations gives a long overdue assessment of the ways which peacekeeping on the continent has evolved over the past decade. It will be a vital resource for policy makers, researchers and all those seeking solutions and insights into the immense security challenges which Africa is facing today."--Page 4 of cover. 410 0$aAfrica now (Zed Books) 606 $aPeace-building$zAfrica 606 $aPeacekeeping forces$zAfrica 606 $aPeace studies & conflict resolution$2bicssc 615 0$aPeace-building 615 0$aPeacekeeping forces 615 7$aPeace studies & conflict resolution 676 $a327.1/72096 686 $a08.16.08$2EP-CLASS 702 $aDe Coning$b Cedric 702 $aGelot$b Linne?a 702 $aKarlsrud$b John 712 02$aNordiska Afrikainstitutet. 801 0$bBTCTA 801 1$bCaBNVSL 801 2$bCaBNVSL 906 $aBOOK 912 $a9910530048103321 996 $aThe future of African peace operations$92719013 997 $aUNINA LEADER 01161nam a2200373 i 4500 001 991001239609707536 005 20020507185825.0 008 930607s1991 us ||| | eng 020 $a0387973907 035 $ab10820103-39ule_inst 035 $aLE01309198$9ExL 040 $aDip.to Matematica$beng 082 0 $a515.724 084 $aAMS 31A 084 $aAMS 32F 084 $aAMS 46H 084 $aAMS 46J 084 $aAMS 46K 084 $aAMS 47A 245 12$aA primer on spectral theory /$cBernard Aupetit 260 $aNew York :$bSpringer-Verlag,$c1991 300 $axii, 193 p. ;$c23 cm 490 0 $aUniversitext 650 4$aCommutative Banach algebras 650 4$aGeometric convexity 650 4$aTheory of linear operators 650 4$aTopological algebras 650 4$aTwo-dimensional theory 907 $a.b10820103$b23-02-17$c28-06-02 912 $a991001239609707536 945 $aLE013 46H AUP11 (1991)$g1$i2013000148151$lle013$o-$pE0.00$q-$rl$s- $t0$u0$v0$w0$x0$y.i10927050$z28-06-02 996 $aPrimer on spectral theory$9924322 997 $aUNISALENTO 998 $ale013$b01-01-93$cm$da $e-$feng$gus $h2$i1